000
00356nam a2200169Ia 4500
100
_a
Brey/barry B
650
_a
Microprocessors
250
_a
8
942
_c
BK
366
_f
17.5
245
_a
Intel Microprocessors
260
_b
Pearson Education
_a
Mumbai
_c
2008
082
_a
004.165/ROD
_b
ROD
300
_a
926
546
_a
ENGLISH
999
_c
33466
_d
33466